Countries that have more than one time zone - Statistics

General Stats
  • This quiz has been taken 4,840 times
    4,792 since last reset
  • The average score is 17 of 24
Answer Stats
Number of time zones Country % Correct
11 Russia
99%
11 United States
99%
4 Brazil
97%
6 Canada
96%
9 Australia
95%
12 France
94%
9 United Kingdom
94%
4 Mexico
91%
3 Indonesia
84%
2 Spain
81%
2 Kazakhstan
74%
2 South Africa
72%
2 Democratic Republic of the Congo
70%
5 New Zealand
70%
2 Mongolia
69%
2 Portugal
66%
5 Denmark
63%
2 Netherlands
57%
2 Ukraine
53%
3 Kiribati
48%
3 Chile
45%
2 Federated States of Micronesia
44%
2 Papua New Guinea
39%
2 Ecuador
30%
No matching quizzes found
Score Distribution
Percent of People with Each Score
Percentile by Number Answered
Your Score History
You have not taken this quiz since the last reset